000 00932cad a22002055a 4500
001 L151553
008 101117s2010 xxk f 000 0 eng d
035 _a(Sirsi) u151553
041 0 _aeng
110 2 _aHobson Ford Associates
_95901
245 0 0 _aQuarterly housing trends
_h[electronic resource]
260 _a[S.l.]
_bHobson Ford Associates
_c2010
520 _aSummary of detailed analysis using NHBC data; charts and key points illustrating trends in housing construction across the UK from Q1 2007 to Q3 2010; off-site construction methods; timber frame housing.
590 _aKA NTK
651 4 _aUnited Kingdom
_y
690 _aBUILT ENVIRONMENT-CONSTRUCTION MARKET
710 1 _aRigby Research
856 4 0 _uhttps://www.nhbc.co.uk/NewsandComment/Registerfore-news/documents/filedownload%2C42396%2Cen.pdf?pending
_zView the summary of the report free of charge and purchasing details at www.nhbc.co.uk
942 _n0
999 _c111440
_d111440